English and its teaching, (Record no. 543476)
[ view plain ]
| 000 -LEADER | |
|---|---|
| fixed length control field | 00547cam a2200169 4500 |
| 020 ## - INTERNATIONAL STANDARD BOOK NUMBER | |
| International Standard Book Number | 0882240048 |
| 082 00 - DEWEY DECIMAL CLASSIFICATION NUMBER | |
| Classification number | 420 |
| Author Mark | RIC |
| -- | L-29, 154,p |
| 100 1# - MAIN ENTRY--PERSONAL NAME | |
| Personal name | Rice, Frank M. |
| 9 (RLIN) | 38850 |
| 245 10 - TITLE STATEMENT | |
| Title | English and its teaching, |
| Statement of responsibility, etc. | by Frank M. Rice. |
| 260 ## - PUBLICATION, DISTRIBUTION, ETC. | |
| Place of publication, distribution, etc. | Lincoln, Neb., |
| Name of publisher, distributor, etc. | Professional Educators Publications |
| Date of publication, distribution, etc. | [1972] |
| 300 ## - PHYSICAL DESCRIPTION | |
| Extent | 98 p. |
| Dimensions | 23 cm. |
| 490 0# - SERIES STATEMENT | |
| Series statement | The Professional education series |
| 526 ## - STUDY PROGRAM INFORMATION NOTE | |
| Program name | 0 |
| Interest level | 0 |
| Reading level | 0 |
| Title point value | 420_000000000000000_RIC |
| 650 #0 - SUBJECT ADDED ENTRY--TOPICAL TERM | |
| Topical term or geographic name entry element | English language |
| General subdivision | Study and teaching (Secondary) |
| 9 (RLIN) | 38851 |
| 650 #0 - SUBJECT ADDED ENTRY--TOPICAL TERM | |
| Topical term or geographic name entry element | MCE |
| 9 (RLIN) | 379 |
| 942 ## - ADDED ENTRY ELEMENTS (KOHA) | |
| Source of classification or shelving scheme | |
| Koha item type | Book |
| Withdrawn status | Lost status | Source of classification or shelving scheme | Damaged status | Not for loan | Permanent Location | Current Location | Date acquired | Total Checkouts | Full call number | Barcode | Date last seen | Price effective from | Koha item type |
|---|---|---|---|---|---|---|---|---|---|---|---|---|---|
| Military College of Engineering (MCE) | Military College of Engineering (MCE) | 03/25/2014 | 420 RIC | MCE-9548 | 03/25/2014 | 03/25/2014 | Book |
